02881cam a2200385 i 4500001001400000003000900014005001700023008004100040020001800081040005100099082002000150100003300170245012700203264005500330264001000385300004600395336002600441337002800467338002700495490006700522504005200589505049400641506006201135520093901197650003002136650003502166650003602201651001002237653002402247655001702271700003402288942001202322999001702334952014402351ssj0001534659EG-ScBUE20241015112133.0150717t2015 sz a f b 001 0 eng d a9783319192666 aEG-ScBUEbengerdacEG-ScBUEdWaSeSSdEG-ScBUE04a515.35222bDOL1 aDolejší, Vít,eauthor.10aDiscontinuous Galerkin method : banalysis and applications to compressible flow /cVít Dolejší, Miloslav Feistauer. 1aCham :bSpringer International Publishing,c[2015] 4cc2015 axiv, 572 pages :billustrations ;c24 cm. 2rdacontentatextbtxt aunmediated2rdamediabn avolumebnc2rdacarrier0 aSpringer Series in Computational Mathematics,x0179-3632 ;v48 aIncludes bibliographical references and index. 0 aIntroduction -- Part I: Analysis of the discontinuous Galerkin method -- DGM for elliptic problems -- Methods based on a mixed formulation -- DGM for convection-diffusion problems -- Space-time discretization by multi-step methods -- Space-time discontinuous Galerkin method  -- Generalization of the DGM -- Part II:  Applications of the discontinuous Galerkin method -- Inviscid compressible flow -- Viscous compressible flow -- Fluid-structure interaction -- References -- Index.  . aAvailable on campus and off campus with authorized login. aThe subject of the book is the mathematical theory of the discontinuous Galerkin method (DGM), which is a relatively new technique for the numerical solution of partial differential equations. The book is concerned with the DGM developed for elliptic and parabolic equations and its applications to the numerical simulation of compressible flow. It deals with the theoretical as well as practical aspects of the DGM and treats the basic concepts and ideas of the DGM, as well as the latest significant findings and achievements in this area. The main benefit for readers and the book’s uniqueness lie in the fact that it is sufficiently detailed, extensive and mathematically precise, while at the same time providing a comprehensible guide through a wide spectrum of discontinuous Galerkin techniques and a survey of the latest efficient, accurate and robust discontinuous Galerkin schemes for the solution of compressible flow. 7aMathematics.2BUEsh92018 7aComputer science.2BUEsh93608 7aNumerical analysis.2BUEsh9465 2BUEsh bENGELCcOctober2016 vReading book1 aFeistauer, Miloslav,eauthor. 2ddccBB c22743d22715 00102ddc40708AcademicaMAINbMAINc1STd2016-10-20ePurchaseg1210.00h9155l0o515.35 DOLp000034349r2025-07-15 00:00:00v1512.50yBB